|
|
|
|
| LEADER |
00725cam a2200205 7i4500 |
| 001 |
0000044251 |
| 005 |
20160105090000.0 |
| 020 |
|
|
|a 9789792547382 (pbk.)
|
| 090 |
0 |
0 |
|a LB2826.6.I5
|b M86 2010
|
| 100 |
0 |
|
|a Mulyono
|
| 245 |
1 |
0 |
|a Konsep pembiayaan pendidikan
|c Mulyono ; introduction, Prof. Dr. H Fattah ; editor, Rose Kusumaningratri.
|
| 260 |
|
|
|a Jogjakarta:
|b Ar-Ruzz Media,
|c 2010.
|
| 300 |
|
|
|a 294 p.:
|b ill.;
|c 20 cm.
|
| 650 |
0 |
0 |
|a Education and state --
|z Indonesia
|
| 650 |
0 |
0 |
|a Education --
|z Indonesia
|
| 650 |
0 |
0 |
|a Education --
|x Finance
|
| 700 |
1 |
|
|a Kusumaningratri, Rose
|
| 997 |
|
|
|a Centre for Graduate Studies
|
| 998 |
|
|
|a Education Management, Master
|
| 999 |
|
|
|a 0000051573
|b BOK
|c OPEN SHELF
|e 1st Floor, Shah Alam
|